[Event "GER-chT U10"]
[Site "Magdeburg"]
[Date "2014.12.29"]
[Round "7.2"]
[White "Buschmann, Tim"]
[Black "Graef, Patrick"]
[Result "1-0"]
[WhiteElo "1115"]
[BlackElo "930"]
[PlyCount "99"]
[EventDate "2014.12.27"]
[EventType "team-swiss"]
[EventRounds "7"]
[EventCountry "GER"]
[SourceTitle "EXT 2016"]
[Source "ChessBase"]
[SourceDate "2015.10.08"]
[SourceVersion "1"]
[SourceVersionDate "2015.10.08"]
[SourceQuality "1"]
[WhiteTeam "Berlin Nord Ost"]
[BlackTeam "Saalfeld"]
[WhiteTeamCountry "GER"]
[BlackTeamCountry "GER"]

1. e4 e5 2. Nf3 Nf6 3. Nc3 Bb4 4. a3 Bxc3 5. dxc3 Nc6 6. Bd3 d5 7. exd5 Qxd5 8. 0-0 Bg4 9. Be2 Qxd1 10. Rxd1 0-0 11. h3 Bh5 12. Bg5 Ne4 13. Re1 Nxg5 14. Nxg5 Bxe2 15. Rxe2 h6 16. Nf3 Rfe8 17. Rae1 Rad8 18. Nxe5 Nxe5 19. Rxe5 Rxe5 20. Rxe5 Rd1+ 21. Kh2 Rd2 22. Re8+ Kh7 23. Rb8 Rxc2 24. Rxb7 Rxf2 25. Rxc7 Rxb2 26. Rxa7 Rb3 27. c4 Rc3 28. Rxf7 Rxc4 29. Rf2 Ra4 30. Ra2 g5 31. Kg3 Kg6 32. Kf3 Kh5 33. g3 Kg6 34. Ke3 Kf5 35. g4+ Kg6 36. Kd3 h5 37. gxh5+ Kxh5 38. Kc3 Kh4 39. Kb3 Ra7 40. Rg2 Rb7+ 41. Kc4 Kh5 42. a4 Rc7+ 43. Kb5 Rc3 44. a5 Rxh3 45. a6 g4 46. Ra2 g3 47. a7 Rh2 48. Rxh2+ gxh2 49. a8Q Kh4 50. Qg2 1-0

[Event "GER-chT U10"]
[Site "Magdeburg"]
[Date "2014.12.28"]
[Round "3.2"]
[White "Fahsel, Hannes"]
[Black "Graef, Patrick"]
[Result "1-0"]
[WhiteElo "988"]
[BlackElo "930"]
[PlyCount "37"]
[EventDate "2014.12.27"]
[EventType "team-swiss"]
[EventRounds "7"]
[EventCountry "GER"]
[SourceTitle "EXT 2016"]
[Source "ChessBase"]
[SourceDate "2015.10.08"]
[SourceVersion "1"]
[SourceVersionDate "2015.10.08"]
[SourceQuality "1"]
[WhiteTeam "Aue Nickelhuette"]
[BlackTeam "Saalfeld"]
[WhiteTeamCountry "GER"]
[BlackTeamCountry "GER"]

1. e4 e5 2. Bc4 Nf6 3. d3 Nc6 4. c3 Bc5 5. Nf3 Ng4 6. 0-0 d6 7. h3 Nf6 8. Bb3 0-0 9. Bg5 h6 10. Bh4 Be6 11. Bc2 Qd7 12. Bxf6 gxf6 13. Nh4 f5 14. Qf3 f4 15. Qh5 Kh7 16. Kh2 Rg8 17. g3 Bxh3 18. Nf5 Bxf1 19. Qxh6# 1-0

[Event "GER-chT U10"]
[Site "Magdeburg"]
[Date "2014.12.28"]
[Round "5.2"]
[White "Ruppert, Jeremy"]
[Black "Graef, Patrick"]
[Result "1-0"]
[WhiteElo "1056"]
[BlackElo "930"]
[PlyCount "69"]
[EventDate "2014.12.27"]
[EventType "team-swiss"]
[EventRounds "7"]
[EventCountry "GER"]
[SourceTitle "EXT 2016"]
[Source "ChessBase"]
[SourceDate "2015.10.08"]
[SourceVersion "1"]
[SourceVersionDate "2015.10.08"]
[SourceQuality "1"]
[WhiteTeam "Rommelshausen"]
[BlackTeam "Saalfeld"]
[WhiteTeamCountry "GER"]
[BlackTeamCountry "GER"]

1. e4 e5 2. Nf3 Nf6 3. Nxe5 Nxe4 4. Qe2 Qe7 5. Qxe4 d6 6. Qa4+ Bd7 7. Qd4 Qxe5+ 8. Qxe5+ dxe5 9. Bc4 Bb4 10. c3 Ba5 11. 0-0 0-0 12. Re1 Nc6 13. Bb5 Rfe8 14. b4 Bb6 15. a4 a5 16. bxa5 Rxa5 17. Na3 Raa8 18. Nc4 Bc5 19. d4 exd4 20. Rxe8+ Rxe8 21. Bb2 dxc3 22. Bxc3 Bf5 23. a5 Rd8 24. a6 Nb4 25. Bxb4 Bd4 26. Rd1 Bc2 27. Rd2 c6 28. Ba4 Rd7 29. Re2 Bc5 30. Nb2 Bd1 31. Re8+ Bf8 32. a7 h6 33. Nd3 b5 34. a8Q c5 35. Rxf8+ 1-0

[Event "GER-chT U10"]
[Site "Magdeburg"]
[Date "2013.12.27"]
[Round "1.2"]
[White "Biermann, Florian"]
[Black "Graef, Patrick"]
[Result "1-0"]
[WhiteElo "1405"]
[BlackElo "818"]
[PlyCount "103"]
[EventDate "2013.12.27"]
[EventType "team-swiss"]
[EventRounds "5"]
[EventCountry "GER"]
[SourceTitle "EXT 2015"]
[Source "ChessBase"]
[SourceDate "2014.11.20"]
[SourceVersion "1"]
[SourceVersionDate "2014.11.20"]
[SourceQuality "1"]
[WhiteTeam "Ende"]
[BlackTeam "Saalfeld"]
[WhiteTeamCountry "GER"]
[BlackTeamCountry "GER"]

1. Nf3 Nc6 2. d4 Nf6 3. c4 d5 4. e3 Bg4 5. Be2 Bxf3 6. Bxf3 e6 7. Nc3 dxc4 8. Qa4 Qd7 9. Qxc4 Bb4 10. 0-0 Bxc3 11. Qxc3 0-0 12. Bd2 Nd5 13. Qc2 Ncb4 14. Bxb4 Nxb4 15. Qb3 Nd5 16. Rac1 b6 17. e4 Nf4 18. Qe3 Ng6 19. e5 Rab8 20. Rc2 Nh4 21. Bc6 Qe7 22. Rfc1 h6 23. Bb5 Qg5 24. Qxg5 hxg5 25. Bd3 Rbd8 26. Rd2 Rxd4 27. Bh7+ Kxh7 28. Rxd4 Nf5 29. Rd7 Nd6 30. exd6 cxd6 31. Rxd6 Re8 32. h3 e5 33. Rc7 Re6 34. Rxe6 fxe6 35. Rxa7 Kh6 36. Rb7 e4 37. Rxb6 Kg6 38. Rxe6+ Kf5 39. Rb6 Kf4 40. a4 e3 41. fxe3+ Kxe3 42. a5 Kd4 43. b4 Kd5 44. a6 Kc4 45. a7 Kd5 46. a8Q+ Kc4 47. Qc6+ Kb3 48. Qd5+ Kc3 49. Rc6+ Kb2 50. Qd3 Ka1 51. Qd2 Kb1 52. Rc1# 1-0